Ako správne budovať dátové sklady
Fázy budovania dátových skladov a riešení business intelligence (BI). Business intelligence a data warehousing. Účel dátových skladov. Možnosti využitia dátových skladov.
Gespeichert in:
| 1. Verfasser: | |
|---|---|
| Format: | Buchkapitel |
| Sprache: | Slowakisch |
| Schlagworte: | |
| Tags: |
Keine Tags, Fügen Sie das erste Tag hinzu!
|
MARC
| LEADER | 00000naa$a2200000$$$4500 | ||
|---|---|---|---|
| 001 | 0056463 | ||
| 005 | 20230929122153.2 | ||
| 041 | 0 | |a slo | |
| 044 | |a SK | ||
| 245 | 1 | 0 | |a Ako správne budovať dátové sklady |c Mário Hluštík |
| 520 | |a Fázy budovania dátových skladov a riešení business intelligence (BI). Business intelligence a data warehousing. Účel dátových skladov. Možnosti využitia dátových skladov. | ||
| 610 | 2 | 0 | |a dolovanie dát |
| 610 | 2 | 0 | |a sklady |
| 610 | 2 | 0 | |a informácie |
| 610 | 2 | 0 | |a riadenie podnikové |
| 610 | 2 | 0 | |a technológie informačné |
| 610 | 2 | 0 | |a technológie komunikačné |
| 610 | 2 | 0 | |a projekty |
| 100 | 1 | |a Hluštík, Mário | |